000 00740nam a22002057a 4500
005 20241010062523.0
008 241007b |||||||| |||| 00| 0 eng d
020 _a9786214183517
082 _aDFil 363.25 L881 2024
100 _aLopez, Judy S.
_946416
245 _aFundamentals of criminal investigation and intelligence /
_cJudy S. Lopez and Thomas B. Taynan Jr.,
260 _aQuezon City :
_bWiseman's Books Trading, Inc.,
_c©2024.
300 _aiv, 313 pages :
_billustrations ;
_c22 cm.
500 _aIncludes references.
650 0 _aCriminal investigation.
_962600
650 0 _aForensic sciences.
_91186
650 0 _aIntelligence service.
_95501
700 _aTaynan, Thomas B.,
_eauthor.
_dJr.
_946420
942 _2ddc
_cDFIL
999 _c22260
_d22260